Essence of business economics / (Record no. 123501)

MARC details
000 -LEADER
fixed length control field 00780nam a22002537a 4500
005 - DATE AND TIME OF LATEST TRANSACTION
control field 20170124105926.0
010 ## - LIBRARY OF CONGRESS CONTROL NUMBER
LC control number A-933448
020 ## - INTERNATIONAL STANDARD BOOK NUMBER
Terms of availability 75.00
International Standard Book Number 8120312104
035 #h - SYSTEM CONTROL NUMBER
System control number A-933448
037 ## - SOURCE OF ACQUISITION
Source of stock number/acquisition Cen Lib/Ret
040 ## - CATALOGING SOURCE
Original cataloging agency DPL
Language of cataloging EN
082 ## - DEWEY DECIMAL CLASSIFICATION NUMBER
Classification number 330
Item number NEL
100 ## - MAIN ENTRY--PERSONAL NAME
Personal name Nellis, Joseph G.
9 (RLIN) 6520
245 ## - TITLE STATEMENT
Title Essence of business economics /
Statement of responsibility, etc by Joseph G. Nellis [and] David Parker
246 ## - VARYING FORM OF TITLE
Remainder of title
260 ## - PUBLICATION, DISTRIBUTION, ETC. (IMPRINT)
Name of publisher, distributor, etc Prentice Hall of India
Date of publication, distribution, etc 1992
Place of publication, distribution, etc New Delhi
270 ## - ADDRESS
City New Delhi
Address M-97, Connaught Circuss
Postal code 110001
300 ## - PHYSICAL DESCRIPTION
Extent ix,230p.
Dimensions 20cm(Hb)
500 ## - GENERAL NOTE
General note Includes bibliographical references and index
650 ## - SUBJECT ADDED ENTRY--TOPICAL TERM
Topical term or geographic name as entry element Economics
9 (RLIN) 72320
650 ## - SUBJECT ADDED ENTRY--TOPICAL TERM
Topical term or geographic name as entry element Managerial economics
9 (RLIN) 6661
700 ## - ADDED ENTRY--PERSONAL NAME
Personal name Parker, David
9 (RLIN) 6524
942 ## - ADDED ENTRY ELEMENTS (KOHA)
Source of classification or shelving scheme Dewey Decimal Classification
Koha item type English Books
Classification part 330
Call number suffix NEL
Holdings
Withdrawn status Lost status Damaged status Not for loan Home library Current library Date acquired Source of acquisition Cost, normal purchase price Total Checkouts Full call number Barcode Date last seen Copy number Cost, replacement price Price effective from Koha item type
        Central Library Central Library 08/06/2015 Cen Lib/Ret 75.00   330 NEL A-933448 08/06/2015 1 75.00 08/06/2015 English Books

© Delhi Public Library
Hit Counter
free hit counter